| 000 | 00612nam a2200229 i 4500 | ||
|---|---|---|---|
| 001 | 68305 | ||
| 003 | ES-MaACL | ||
| 005 | 20230906170242.0 | ||
| 007 | t| | ||
| 008 | 040616s2004 sp ||||1| spa d | ||
| 020 | _a84-95845-22-9 | ||
| 080 | _a821.134.2(83)-82"19" | ||
| 100 | 1 |
_aNeruda, Pablo, _d1904-1973 _985398 |
|
| 245 | 1 | 0 |
_aOriente / _cPablo Neruda. |
| 250 | _a[1ª ed.]. | ||
| 260 |
_aBarcelona : _bLittera, _c2004. |
||
| 300 |
_a233 p. ; _c22 cm. |
||
| 490 | 1 |
_aClásicos ; _v8 |
|
| 830 | 0 |
_aClásicos ; _v8 _9177532 |
|
| 852 |
_aES-MaACL _jL-27997 _bR.133820 |
||
| 999 |
_c68305 _d68305 |
||